Pokemon Go : Les Pokemon de Community Day - Statistiques

Statistiques générales
  • Ce quiz a été pris 257 fois
    22 depuis la dernière actualisation
  • Le résultat moyen est 39 sur 109
Statistiques - réponses
Mois Pokemon % Correct
Janvier 2022 | Mars 2018 Bulbizarre
94%
Juillet 2018 | Juillet 2023 Carapuce
94%
Janvier 2018 Pikachu
94%
Mai 2018 Salaméche
94%
Octobre 2020 | Septembre 2023 Salamèche
94%
Septembre 2018 Germignon
78%
Janvier 2019 | Mars 2025 Kaiminus
78%
Février 2018 | Novembre 2022 Minidraco
78%
Janvier 2020 Tiplouf
72%
Aout 2018 | Aout 2021 | Juillet 2025 Evoli
67%
Mai 2023 Feunnec
67%
Novembre 2019 Ouisticram
67%
Mai 2019 Poussifeu
67%
Septembre 2019 Tortipouss
67%
Avril 2022 | Juillet 2019 Gobou
61%
Juillet 2021 Gruikui
61%
Juin 2024 | Novembre 2018 Héricendre
61%
Aout 2020 Magicarpe
61%
Septembre 2021 Moustillon
61%
Avril 2021 Vipélierre
61%
Avril 2019 | Avril 2024 Draby
56%
Janvier 2023 | Juin 2018 Embrylex
56%
Aout 2023 Grenousse
56%
Mars 2019 Arcko
50%
Janvier 2025 Poussacha
50%
Juillet 2025 Coiffeton
44%
Mars 2024 Flamiaou
44%
Janvier 2023 Marisson
44%
Novembre 2020 Elektek
39%
Novembre 2020 Magmar
39%
Août 2024 | Octobre 2018 Terhal
39%
Mars 2025 Chochodile
33%
Juillet 2022 Etourmi
33%
Juillet 2020 Fantominus
33%
Janvier 2021 | Mai 2025 Machoc
33%
Août 2024 Otaquin
33%
Juin 2020 Aspicot
28%
Juin 2025 Bébécaille
28%
Janvier 2024 Brindibou
28%
Mai 2020 Grainipiot
28%
Juin 2021 Griknot
28%
Février 2020 Rhinocorne
28%
Mars 2022 Sabelette
28%
Juin 2022 Solochi
28%
Avril 2018 | Novembre 2023 Wattouat
28%
Avril 2020 Abra
22%
Juin 2023 Coupenotte
22%
Octobre 2019 Kraknoix
22%
Février 2024 Leveinard
22%
Novembre 2021 Lixy
22%
Juin 2024 Mucuscule
22%
Mai 2025 Pohm
22%
Aout 2019 | Janvier 2025 Tarsal
22%
Mai 2021 Tylton
22%
Octobre 2023 Charpenti
17%
Avril 2024 Chétiflor
17%
Juin 2019 Parecool
17%
Novembre 2025 Picassaut
17%
Septembre 2024 Ponyta
17%
Juillet 2023 Ptitard
17%
Février 2023 Sonistrelle
17%
Avril 2025 Sorbébé
17%
Novembre 2022 Teddiursa
17%
Avril 2023 Togetic
17%
Juillet 2024 Anchwatt
11%
Mai 2024 Croquine
11%
Septembre 2025 Flabébé
11%
Octobre 2022 Funécire
11%
Août 2025 Minisange
11%
Avril 2022 Nounourson
11%
Janvier 2022 Obalie
11%
Mars 2021 Passerouge
11%
Janvier 2024 | Septembre 2020 Porygon
11%
Mars 2023 Ramoloss
11%
Novembre 2023 Axoloto
6%
Février 2022 Granivol
6%
Octobre 2024 Larveyette
6%
Septembre 2022 Nodulithe
6%
Octobre 2025 Nucléos
6%
Février 2021 Rosélia
6%
Mars 2022 Sabelette d'Alola
6%
Aout 2022 Zigzaton de Galar
6%
Novembre 2023 Axoloto de Paldea
0%
Février 2025 Carabing
0%
Février 2025 Escargaume
0%
Novembre 2024 Férosinge
0%
Septembre 2023 Larvibule
0%
Avril 2023 | Février 2019 Marcacrin
0%
Septembre 2024 Ponyta de Galar
0%
Mai 2022 Racaillou d'Alola
0%
Mars 2023 Ramoloss de Galar
0%
Octobre 2021 Skelénox
0%
Aucun quiz correspondant
Distribution des résultats
% des personnes avec chaque résultat
Percentile par nombre de réponses
Votre historique - résultats
Vous n’avez pas pris ce quiz depuis la dernière actualisation